Journalism editing,reporting and feature writing
| Main Author: | |
|---|---|
| Format: | Book |
| Published: |
K.L :
Commonwealth books ,
2011
|
| Subjects: |
MARC
| LEADER | 00000cam a2200000 7i4500 | ||
|---|---|---|---|
| 001 | 0000039670 | ||
| 005 | 20140101.0 | ||
| 008 | 140101 | ||
| 020 | |a 8131100251 | ||
| 090 | 0 | 0 | |a 070.43 |b PRA |
| 100 | 1 | |a Prabhakar Naval | |
| 245 | 1 | 0 | |a Journalism editing,reporting and feature writing |c Naval Prabhakar |
| 260 | |a K.L : |b Commonwealth books , |c 2011 | ||
| 650 | 0 | |a Journalism | |
| 650 | 0 | |a Reporting and feature | |
| 999 | |a 0001228450 |b Book |c REFERENCE |e Perbadanan Perpustakaan Awam Johor | ||